000 00402nam a2200097Ia 4500
008 180130s9999 xx 000 0 und d
245 _cJover, Roger Piqueras; Lackey, Joshua; Raghavan, Arvind
_aEnhancing the security of LTE networks against jamming attacks
260 _c2016
300 _aBook title: Handbook of information security--Acession number C20533; pages 86-99
650 _aINFORMATION SECURITY
999 _c354093
_d354093